| 000 | 00681nam a22002411 4500 | ||
|---|---|---|---|
| 001 | 7810 | ||
| 003 | BD-RjUL | ||
| 005 | 20211208234459.0 | ||
| 008 | 140115s1962 nyua b 001 0 eng | ||
| 035 | _a(BD-RjUL)7854 | ||
| 040 |
_aDLC _cDLC _dDLC _dBD-RjUL _beng |
||
| 041 | _aeng | ||
| 082 | 0 | 0 |
_a519.9 _bYOS 1962 |
| 100 | 1 |
_aYoung, Hugh D. _924373 |
|
| 245 | 1 | 0 |
_aStatistical treatment of experimental data / _cHugh D. Young. |
| 260 |
_aNew York : _bMcGraw-Hill, _cc1962. |
||
| 300 |
_a172 p. : _billus. ; _c21 cm. |
||
| 504 | _aIncludes bibliography and index. | ||
| 650 | 0 |
_aMathematical statistics. _924374 |
|
| 942 |
_2ddc _cBK |
||
| 999 |
_c7810 _d7810 |
||